| 000 | 01219nam a22002895i 4500 | ||
|---|---|---|---|
| 001 | 167149 | ||
| 003 | ES-MaACL | ||
| 005 | 20250215063240.0 | ||
| 008 | 960320s1881 sp |||| | spa d | ||
| 040 |
_aCLM _bspa _cCCPB | SIC |
||
| 080 | _a 929 821.134.2 Hartzenbusch, Juan Eugenio 1.07 | ||
| 080 | _a929 Hartzenbusch, Juan Eugenio | ||
| 100 | 1 |
_aVelasco y Santos, Miguel, _d1831-1897 _9133597 _eaut |
|
| 245 | 1 | 0 |
_aSesión apologética en honor de Hartzenbusch : _cdiscurso leído por el ex-presidente D. Miguel Velasco y Santos |
| 260 |
_aValencia : _bImp. de Manuel Alufre, _c1881 |
||
| 300 |
_a23 p. ; _c24 cm. |
||
| 500 | _aPrecede al título: Ateneo de Valencia | ||
| 530 | _aDisponible en formato digital | ||
| 594 | 1 | _aPrecede al tit. : Ateneo de Valencia. | |
| 600 | 1 | 4 |
_962011 _aHartzenbusch, Juan Eugenio, _d1806-1880 |
| 710 | 2 |
_9170945 _aAteneo Científico-Literario de Valencia _ehis |
|
| 852 |
_aES-MaACL _cDEPOF _jT-378-F-11 _xHolandesa _xEnc. en un vol. facticio |
||
| 856 |
_uhttps://bdh-rd.bne.es/viewer.vm?id=0000191302&page=1 _yVersión en línea _z(Biblioteca Digital Hispánica) |
||
| 942 |
_2udc _cFOLLETOS _n0 |
||
| 999 |
_c167149 _d167149 |
||